| 000 | 00708nam a2200217Ii 4500 | ||
|---|---|---|---|
| 003 | JO-AjNU | ||
| 008 | 230605s9999||||xx |||||||||||||| ||und|| | ||
| 017 | _a2011/3/1080 | ||
| 040 |
_aJO-AjNU _bara _erda _cJO-AjNU |
||
| 041 | _aara | ||
| 050 | 1 | 4 | _aPJ8404 2011 |
| 100 | 3 |
_aتأليف عبد الجبار، سعود محمود, _eauthor _950341 |
|
| 245 | 0 | 0 | _aإبن أيدمر: حياته - شعره |
| 250 | _aط1 | ||
| 264 | 3 | 1 | _aعمان:دار المأمون للنشر،2011 |
| 300 | _a116ص | ||
| 336 |
_atext _btxt _2rdacontent |
||
| 337 |
_aunmediated _bn _2rdamedia |
||
| 338 |
_avolume _bnc _2rdacarrier |
||
| 650 | 4 |
_aالشعراء العرب - تراجم - الأدب العربي _950342 |
|
| 999 |
_aA22169 _c25737 _d25737 |
||